000 005190000a22001930004500
001 001316
003 MACL
005 20150929134307.0
008 150929b xxu||||| |||| 00| 0 eng d
040 _aMACL
_cMACL
041 _aEnglish
082 _a891.462/GOK
100 _aGokhale, Shanta
_910295
245 _aPlaywright At the Centre
_bMarathi Drama From 1843 To the Present
_cShanta Gokhale
260 _aCalcutta
_c2000
_bSeagull Publications,
350 _a795
650 _a Drama
_912756
942 _k891
_cBK
_2ddc
999 _c1311
_d1311